000
00236nam a22001097a 4500
082
_a
100/SAR
100
_a
Sarma ,ARK
_9
82987
245
_a
The vivekanada Way
260
_a
Mumbai
_b
Jaico Pub.
_c
2023
650
_a
Philosophy
942
_c
BK
999
_c
67733
_d
67733